000 00697nam a2200253Ia 4500
003 OSt
005 20220912151505.0
006 a|||||r|||| 00| 0
007 ta
008 220909b |||||||| |||| 00| 0 eng d
024 _a55056
037 _cTextual
040 _aCSL
_beng
_cCSL
041 _aeng
082 _aK9,6, M6.1
100 _aPang PKT Ed.
245 0 _aVertebrate endocrinology: Fundamentals and biomedical implications
260 _aOrlando
_bAcademic Press
_c1986
300 _a496p.
_ccm. ill.
650 _aVertebrates
700 _a Schreibman MP Ed.
942 _hK9,6, M6.1
_cTEXL
_2CC
999 _c69803
_d69803